Normal view
MARC view
Entry Personal Name
001 - CONTROL NUMBER
- control field: 15574
003 - CONTROL NUMBER IDENTIFIER
- control field: dpl
005 - DATE AND TIME OF LATEST TRANSACTION
- control field: 20100820143503.0
008 - FIXED-LENGTH DATA ELEMENTS
- fixed length control field: 100820|||a|||||| | ||| d
040 ## - CATALOGING SOURCE
- Original cataloging agency: dpl
- Transcribing agency: dpl
100 ## - HEADING--PERSONAL NAME
- Personal name: Mari, Muthu
670 ## - SOURCE DATA FOUND
- Source citation: Work cat.: (dpl)41062: Mari, Muthu, English grammar :, 2008
670 ## - SOURCE DATA FOUND
- Source citation: Work cat.: (dpl)41062: Mari, Muthu, English grammar :, 2008
